U.S. Metropolitan Areas with the Lowest Murder Rate (>1M pop.) - Statistics

General Stats
  • This quiz has been taken 49 times
  • The average score is 11 of 15
Answer Stats
Hint Answer % Correct
2.8 Boston
93%
2.8 Minneapolis
93%
2.8 Portland
93%
3.0 Seattle
91%
2.2 San Diego
86%
3.8 San Francisco
84%
3.8 Salt Lake City
79%
3.2 New York
72%
3.8 Sacramento
72%
2.4 San Jose
65%
2.1 Austin
58%
2.0 Providence
56%
4.3 San Bernardino/Riverside
47%
3.5 Hartford
42%
0.7 Raleigh
40%
No matching quizzes found
Score Distribution
Percent of People with Each Score
Percentile by Number Answered
Your Score History
You have not taken this quiz